Mathematics : Applications and concepts
This textbook contain oppontunities for you to get ready for the Oklahoma Core Curriculum Test.
Αποθηκεύτηκε σε:
| Συγγραφή απο Οργανισμό/Αρχή: | |
|---|---|
| Μορφή: | Βιβλίο |
| Γλώσσα: | Undetermined |
| Έκδοση: |
New York
McGraw-Hill
2005
|
| Θέματα: | |
| Ετικέτες: |
Προσθήκη ετικέτας
Δεν υπάρχουν, Καταχωρήστε ετικέτα πρώτοι!
|
| Thư viện lưu trữ: | Trung tâm Học liệu Trường Đại học Cần Thơ |
|---|
| LEADER | 00647nam a2200205Ia 4500 | ||
|---|---|---|---|
| 001 | CTU_151709 | ||
| 008 | 210402s9999 xx 000 0 und d | ||
| 082 | |a 510 | ||
| 082 | |b G558/C.2 | ||
| 110 | |a Glencoe mathematics | ||
| 245 | 0 | |a Mathematics : | |
| 245 | 0 | |b Applications and concepts | |
| 245 | 0 | |c Glencoe mathematics | |
| 260 | |a New York | ||
| 260 | |b McGraw-Hill | ||
| 260 | |c 2005 | ||
| 520 | |a This textbook contain oppontunities for you to get ready for the Oklahoma Core Curriculum Test. | ||
| 650 | |a Mathematics,Toán học | ||
| 904 | |i Minh Hiên, Trọng Hiếu | ||
| 980 | |a Trung tâm Học liệu Trường Đại học Cần Thơ | ||